| 000 | 00476nam a22001937a 4500 | ||
|---|---|---|---|
| 003 | MPLRDC | ||
| 005 | 20220104143648.0 | ||
| 008 | 210129b ||||| |||| 00| 0 eng d | ||
| 020 | _a7-80005-418-7 | ||
| 082 | _a874.57 HALP | ||
| 100 | _aHALPERIN | ||
| 245 |
_a测谎仪 _c丁鑫 等译 |
||
| 250 | _a一版一刷 | ||
| 260 |
_a _b新世界出版社 _c1998 |
||
| 300 | _b平 | ||
| 490 | _a政治科幻小说 | ||
| 650 | _a美国现代小说 | ||
| 942 |
_cBK _o874.57 HALP |
||
| 999 |
_c42097 _d42087 |
||